Daňové a účtovné odpisy hmotného a nehmotného majetku v roku 2023

Odpisy predstavujú z daňového hľadiska spôsob postupného zahrnutia výdavkov na obstaranie hmotného a nehmotného majetku, ktoré nie sú uznané na daňové účely, do výdavkov na zabezpečenie zdaniteľných príjmov. Z účtovného hľadiska ide o peňažné vyjadrenie fyzického a morálneho opotrebenia majetku za u...

Ausführliche Beschreibung

Gespeichert in:
Bibliographische Detailangaben
1. Verfasser: Rabatinová, Marcela, 1977-
Format: Buchkapitel
Sprache:Slowakisch
Schlagworte:
Tags: Tag hinzufügen
Keine Tags, Fügen Sie das erste Tag hinzu!

MARC

LEADER 00000naa a2200000 4500
001 0297971
005 20240617091552.8
041 0 |a slo 
044 |a SK 
245 1 0 |a Daňové a účtovné odpisy hmotného a nehmotného majetku v roku 2023  |c Marcela Rabatinová 
520 |a Odpisy predstavujú z daňového hľadiska spôsob postupného zahrnutia výdavkov na obstaranie hmotného a nehmotného majetku, ktoré nie sú uznané na daňové účely, do výdavkov na zabezpečenie zdaniteľných príjmov. Z účtovného hľadiska ide o peňažné vyjadrenie fyzického a morálneho opotrebenia majetku za určité časové obdobie. Prvá časť článku bola skôr úvod do problematiky, druhá obsahuje aj konkrétne praktické príklady. 
610 2 0 |a odpisy daňové 
610 2 0 |a odpisy účtovné 
610 2 0 |a majetok hmotný 
610 2 0 |a majetok nehmotný 
610 2 0 |a účtovníctvo 
610 2 0 |a dane 
100 1 |a Rabatinová, Marcela, 1977-